| 000 | 01011nam a22003137a 4500 | ||
|---|---|---|---|
| 003 | CHAP | ||
| 005 | 20220329135204.0 | ||
| 008 | 971013s1976 r 00010 d | ||
| 010 | _a32332 | ||
| 011 | _a33304 | ||
| 035 | _a37419 | ||
| 040 | _cCHAP | ||
| 090 | _aFolleto 6794 | ||
| 100 | 0 | 0 |
_aMason, C. F. _972776 |
| 245 | _aDescomposición | ||
| 260 |
_aLondon : _bArnol, _c1976 |
||
| 300 |
_a58 p. _b: ilus. ; gráfs |
||
| 490 |
_aInstitute of Biology's. Studies in biology _v; 74 |
||
| 590 |
_aBATCH-UPD _b10 _c20130110 _lUCH01 _h1534 |
||
| 590 |
_aBATCH-UPD _b10 _c20130410 _lUCH01 _h0939 |
||
| 590 |
_aBATCH-UPD _b10 _c20130914 _lUCH01 _h1803 |
||
| 590 |
_aCONVERSION _b10 _c20130109 _lUCH01 _h1318 |
||
| 650 | 1 | 4 |
_aMateria orgánica _xDescomposición. _972932 |
| 830 | 0 |
_aInstitute of Biology's. Studies in biology _v; 74 _959025 |
|
| 901 | _aBK | ||
| 942 | _cFOLL | ||
| 949 |
_aFolleto 6794 _bBC _cFOLL _d-85751 _eTS1 _i37419 _si _t169.00 |
||
| 949 |
_aFolleto 6794 _bBC _cFOLL _d-85752 _eTS2 _fc.2 _i37419 _si _t169.00 |
||
| 999 |
_c32332 _d32332 |
||